000 00418nam a22001697a 4500
005 20200520145214.0
008 200520b xxu||||| |||| 00| 0 eng d
020 _a9789374739404
041 _aeng
082 _a612 AGA
100 _aAgarwal,Dr. Sanjay Kumar
_95635
245 _aLecture Notes on Statistics
260 _aDelhi
_bAITBS PUBLISHERS
_c2019
300 _a352p.
650 _aPharmacy
_95636
942 _cBK
999 _c6343
_d6341